|
|
|
|
| LEADER |
00000nab a2200000 a 4500 |
| 001 |
vtls000931346 |
| 003 |
SK-MaSNL |
| 005 |
20260305003919.0 |
| 008 |
040720e20040113xo 0 slo |
| 035 |
|
|
|a KE40223
|
| 040 |
|
|
|a KEVKJB
|b slo
|c KEVKJB
|e AACR2
|
| 041 |
0 |
|
|a slo
|
| 044 |
|
|
|a xo
|c SK
|
| 080 |
|
|
|a 785.7
|2 1981
|
| 100 |
1 |
|
|a Kiraľvargová, Dáša
|4 aut
|9 872583
|
| 245 |
1 |
0 |
|a Čítanie z Waldena sprevádzali muzikanti z ulice
|b V Dome umenia sa včera k slovu dostala hudba i literatúra
|
| 300 |
|
|
|b 1 foto
|
| 610 |
2 |
7 |
|a Štátna filharmónia Košice
|2 KEVKJB
|9 56989
|
| 611 |
1 |
7 |
|a Literárno-hudobný večer
|2 KEVKJB
|9 1581142
|
| 650 |
0 |
7 |
|a program
|2 KEVKJB
|9 873327
|
| 651 |
|
7 |
|a Košice (Slovensko)
|2 KEVKJB
|9 18694
|
| 651 |
|
7 |
|a KE,
|2 KEVKJB
|9 877256
|
| 655 |
|
7 |
|a periodikum
|2 snkbucl
|9 29553
|
| 710 |
2 |
|
|a Štátna filharmónia Košice
|4 aut
|9 56989
|
| 773 |
0 |
8 |
|t Košický večer
|g Roč. 15
|g Roč. 36, č.7, 13.1.2004, s. 6
|
| 852 |
|
|
|a ZVYKNI
|b KIS3GCP
|
| 999 |
|
|
|c 3233118
|d 3235048
|